1639 1639 1471 1193 1363 1645 1159 1375 1163 1576 1775 1766 1296 1645 1394 1306 1579 1263 1851 1991 1797 1610 1466 1717 1775 1400 1929 1853 1399 1205 1061 1827 1456 1691 1547 1520 1316 1300 1114 1412 1310 1437 1979 1464 1789 1170 1180 1491 1088 1943 1862 1978 1592 1961 1294 1595 1184 1843 1323 1540 1977 1962 1708 1794 1634 1430 1199 1675 1686 1497 1006 1585 1124 1353 1735 1558 1603 1869 1973 1106 1399 1103 1946 1389 1412 1612 1979 1610 1625 1549 1856 1071 1627 1770 1603 1207 1414 1600 1088 BCNSPRNW ULIB Ver.6.0+V

เปลี่ยนเป็นภาษาไทย

Change to English
 แสดงรายละเอียดบรรณานุกรม
  กลับหน้าหลัก

Brief Record : Get Marc (ISO 2709) : E-mail record : QR code < ปิดหน้าต่าง
LEADER : 00000nam 2200000uu 4500
001    13399128652
003     ULIB
008    230925s2565||||th 000 0 tha d
020    ^a9786168243886
050  0 ^aนว.^bน779ผ
100 0  ^aเนวิกา
245 10 ^aผูกพันอันพร่างพราว /^cเนวิกา
250    ^aพิมพ์ครั้งที่ 1
260    ^aกรุงเทพฯ :^bดีบุ๊ค,^c2565
300    ^a464 หน้า ;^c21 ซม.
650  4 ^aนวนิยายไทย
945    ^p340^l0^i30010
999    ^aกัณชพร จุลอักษร
รายการนี้ยังไม่มีแท็ก
คุณยังไม่ได้ล็อกอิน คุณสามารถมีกิจกรรมร่วมกับเว็บไซต์ได้ แต่ต้องล็อกอินก่อน ::
  ล็อกอิน

รายการสื่อสารสนเทศ

ลำดับที่ ประเภท เลขเรียก/บาร์โค้ด สถานที่ สถานะ
1. วิทยาศาสตร์การแพทย์ และสุขภาพ
วิทยาศาสตร์การแพทย์ และสุขภาพ
นว. น779ผ ฉ.1 
  Barcode: 30010
ห้องสมุดวิทยาเขตนครสวรรค์
►นวนิยาย:l:Fiction
บนชั้น

รายการใกล้เคียง
    ผู้แต่ง [เนวิกา]

    หัวเรื่อง [นวนิยายไทย]

BibComment


ยังไม่เคยถูกคอมเมนท์

คอมเมนท์ทรัพยากรรายการนี้
  คอมเมนท์: ผูกพันอันพร่างพร..


 Copyright 2026. Bcnsprnw @Library